|
|
|
|
| LEADER |
00000nab a2200000 a 4500 |
| 001 |
vtls000647842 |
| 003 |
SK-MaSNL |
| 005 |
20260304090353.0 |
| 008 |
250425c1998 xo 0 slo |
| 015 |
|
|
|a SNBRA1998/01-00018
|
| 035 |
|
|
|a CLN000000038
|
| 035 |
|
|
|a urn:nbn:sk:snk-abd37t
|
| 035 |
|
|
|a (urnnbn)urn:nbn:sk:snk:ar-002avj
|
| 035 |
|
|
|a (uuid)df1c50b5-7774-461b-a8b8-091ef99d746e
|
| 040 |
|
|
|a SNKBUCL
|b slo
|c SNKBUCL
|e AACR2
|
| 041 |
0 |
|
|a slo
|
| 044 |
|
|
|a xo
|c SK
|
| 080 |
|
|
|a 244
|2 1997
|
| 080 |
|
|
|a 885.4-1
|2 1997
|
| 080 |
|
|
|a 885.4-97
|2 1997
|
| 100 |
1 |
|
|a Koscelanský, Michal
|4 aut
|9 595770
|
| 245 |
1 |
0 |
|a Dnes v zraku sveta
|c Michal Koscelanský
|
| 650 |
0 |
7 |
|a meditatívne básne, slovenské
|2 snkbucl
|9 28788
|
| 655 |
|
7 |
|a články z novín a časopisov
|2 snkbucl
|2 snkbucl
|9 267496
|
| 773 |
0 |
|
|t Slovo : časopis gréckokatolíckej cirkvi
|g Roč. 30, č. 1 (1998), s. 9
|
| 850 |
|
|
|a Slovenská národná knižnica
|
| 852 |
|
|
|a Slovenská národná knižnica
|
| 954 |
|
|
|a odborná, vedecká literatúra pôvodná (slovenská)
|2 lita
|
| 958 |
|
|
|a article17
|
| 958 |
|
|
|a OND
|
| 958 |
|
|
|a LX
|
| 958 |
|
|
|a SK
|
| 958 |
|
|
|a EUIPO
|
| 992 |
|
|
|a RBX
|
| 999 |
|
|
|c 2811249
|d 2813179
|